00243nam a2200097Ia 4500008004100000082001500041100001300056245003800069260002900107300000900136210430s9999 xx 000 0 und d a662 K511 E aSpringer aExplosive Shocks in AircSpringer aNew yorkbSpringerc1985 a136p